000 00686nam a2200289Ia 4500
005 20260324150114.0
008 008 260324s9999 xx 000 0 eng d
020 _a9781315723945
037 _aEBOOK
040 _aCRL
040 _beng
040 _cCRL
041 _2eng
041 _aeng
084 _qCRL
100 _aGerhard Adler; C. G. Jung; Aniela Jaffé
_91225277
245 0 _aLetters of C. G. Jung
245 0 _bVolume I, 1906-1950
260 _bTaylor and Francis
260 _c1973
365 _a
365 _b120
856 _uhttp://www.taylorfrancis.com/books/9781315723945
942 _cEBOOK
999 _c1834176
_d1834176